Welcome to CU Library Online Public Access Catalogue (OPAC)

The all England law reports annotated: (Record no. 1500)

MARC details
000 -LEADER
fixed length control field 01267cas a2200253 a 4500
001 - CONTROL NUMBER
control field 11504355
003 - CONTROL NUMBER IDENTIFIER
control field OSt
005 - DATE AND TIME OF LATEST TRANSACTION
control field 20241122195025.0
008 - FIXED-LENGTH DATA ELEMENTS--GENERAL INFORMATION
fixed length control field 241122d19361946enk x w 0 0eng c
050 00 - LIBRARY OF CONGRESS CALL NUMBER
Classification number KD288 / ELR45
Item number .A64 1945
245 04 - TITLE STATEMENT
Title The all England law reports annotated:
Remainder of title of cases decided in the House of Lords, the Privy Council, all divisions of the Supreme Court and Courts of special jurisdiction /
Number of part/section of a work 1945 - VOLUME 2
260 ## - PUBLICATION, DISTRIBUTION, ETC.
Place of publication, distribution, etc. London :
Name of publisher, distributor, etc. Law Journal,
Date of publication, distribution, etc. 1936-1946.
300 ## - PHYSICAL DESCRIPTION
Extent xxvi, 724 pages
Dimensions 24 cm
650 #0 - SUBJECT ADDED ENTRY--TOPICAL TERM
Topical term or geographic name entry element Law reports, digests, etc.
Geographic subdivision Great Britain.
650 #7 - SUBJECT ADDED ENTRY--TOPICAL TERM
Topical term or geographic name entry element Law reports, digests, etc.
Source of heading or term fast
Authority record control number or standard number (OCoLC)fst00994106
700 ## - ADDED ENTRY--PERSONAL NAME
Personal name Roland Burrows, K.C. (Recorder of Cambridge. Managing Editor of Halsbury's Laws of England, Hailsham Edition)
Relator term Consulting Editor
700 ## - ADDED ENTRY--PERSONAL NAME
Personal name Harold Christie, K.C. (Bencher of Lincoln's Inn)
Relator term Consulting Editor for Chancery Cases
700 ## - ADDED ENTRY--PERSONAL NAME
Personal name Cyril King, K. C. (Bencher of Middle Temple)
Relator term Consulting Editor for Taxation Cases
700 ## - ADDED ENTRY--PERSONAL NAME
Personal name P. F. Skottowe, LL.B. of Middle Temple, Barrister-at-Law
Relator term General Editor
710 1# - ADDED ENTRY--CORPORATE NAME
Corporate name or jurisdiction name as entry element Great Britain.
Subordinate unit Parliament.
-- House of Lords.
710 1# - ADDED ENTRY--CORPORATE NAME
Corporate name or jurisdiction name as entry element Great Britain.
Subordinate unit Privy Council.
710 1# - ADDED ENTRY--CORPORATE NAME
Corporate name or jurisdiction name as entry element Great Britain.
Subordinate unit Supreme Court of Judicature.
942 ## - ADDED ENTRY ELEMENTS (KOHA)
Source of classification or shelving scheme Library of Congress Classification
Koha item type Books
Suppress in OPAC No
999 ## -
-- 1500
-- 1500
Holdings
Withdrawn status Lost status Source of classification or shelving scheme Damaged status Not for loan Collection Home library Current library Shelving location Date acquired Total checkouts Full call number Barcode Date last seen Copy number Price effective from Koha item type
    Library of Congress Classification     Non-fiction Law Library (Miotso) Law Library (Miotso) General stacks 11/22/2024   ELR 45 VOL 2 llm00001196 11/22/2024 1 11/22/2024 Books
© 2023-2024 Copyright: Central University Libraries. All Rights Reserved | Created by: Mahone Tech Office